000 00418nam a2200181Ia 4500
008 100917s9999 xx 000 0 und d
082 _b8750
100 _aभावे पु. भा.
245 _aगूढकथा
260 _b---
_c1969
300 _a176
365 _b6
520 _aकथा
630 _aगूढकथा
650 _aकथा
730 _aगूढकथा
942 _cBOOK
999 _c614144
_d614141